[Event "IRI-chT 14th"]
[Site "Tehran"]
[Date "2015.09.17"]
[Round "7.5"]
[White "Nejadshirazi, Mohammad Reza"]
[Black "Oliyazadeh, Pooya"]
[Result "1-0"]
[WhiteElo "1973"]
[BlackElo "2057"]
[PlyCount "71"]
[EventDate "2015.07.17"]
[EventType "team-tourn"]
[EventRounds "13"]
[EventCountry "IRI"]
[SourceTitle "EXT 2016"]
[Source "ChessBase"]
[SourceDate "2015.10.08"]
[SourceVersion "1"]
[SourceVersionDate "2015.10.08"]
[SourceQuality "1"]
[WhiteTeam "Darya Borj Shiraz"]
[BlackTeam "Nasouz Azarakhsh"]
[WhiteTeamCountry "IRI"]
[BlackTeamCountry "IRI"]

1. d4 Nf6 2. Nf3 g6 3. c4 Bg7 4. Nc3 0-0 5. e4 d6 6. Be2 c5 7. d5 Na6 8. 0-0 Nc7 9. h3 Rb8 10. Bf4 Bd7 11. e5 Nfe8 12. a4 b6 13. Qd2 a6 14. Ne4 Bf5 15. Ng3 Bd7 16. Ra3 b5 17. axb5 axb5 18. b3 bxc4 19. bxc4 Rb4 20. Bh6 Na8 21. Bxg7 Kxg7 22. Qc3 Kg8 23. Rfa1 Nb6 24. Rb3 Na4 25. Qe3 dxe5 26. Rxb4 cxb4 27. Nxe5 Nf6 28. Qb3 Nc3 29. Qxb4 Nxe2+ 30. Nxe2 Bf5 31. Nc6 Qd7 32. Ra7 Qe8 33. Nxe7+ Kg7 34. Nxf5+ gxf5 35. Nf4 Qe5 36. Ne6+ 1-0